<?xml version="1.0" encoding="UTF-8"?>
<record
    xmlns:xsi="http://www.w3.org/2001/XMLSchema-instance"
    xsi:schemaLocation="http://www.loc.gov/MARC21/slim http://www.loc.gov/standards/marcxml/schema/MARC21slim.xsd"
    xmlns="http://www.loc.gov/MARC21/slim">

  <leader>00616nam a22001937a 4500</leader>
  <controlfield tag="003">OSt</controlfield>
  <controlfield tag="005">20260505002202.0</controlfield>
  <controlfield tag="008">260505b        |||||||| |||| 00| 0 eng d</controlfield>
  <datafield tag="020" ind1=" " ind2=" ">
    <subfield code="a">9780877796367</subfield>
  </datafield>
  <datafield tag="040" ind1=" " ind2=" ">
    <subfield code="a">DWCL Main Lib.</subfield>
    <subfield code="c">OC</subfield>
  </datafield>
  <datafield tag="082" ind1=" " ind2=" ">
    <subfield code="a">GR 423 M568 2005</subfield>
  </datafield>
  <datafield tag="110" ind1=" " ind2=" ">
    <subfield code="a">Merriam-Webster</subfield>
    <subfield code="e">Author</subfield>
  </datafield>
  <datafield tag="245" ind1=" " ind2=" ">
    <subfield code="a">The Merriam-Webster dictionary /</subfield>
    <subfield code="c">Merriam-Webster </subfield>
  </datafield>
  <datafield tag="250" ind1=" " ind2=" ">
    <subfield code="a">New edition</subfield>
  </datafield>
  <datafield tag="260" ind1=" " ind2=" ">
    <subfield code="a">Springfield, Massachusetts ; </subfield>
    <subfield code="b">Merriam-Webster, Incorporated, </subfield>
    <subfield code="c">c2005.</subfield>
  </datafield>
  <datafield tag="300" ind1=" " ind2=" ">
    <subfield code="a">xviii , 701 pages : </subfield>
    <subfield code="b">illustrations ; </subfield>
    <subfield code="c">22 cm.</subfield>
  </datafield>
  <datafield tag="650" ind1=" " ind2=" ">
    <subfield code="a">1. English Language -- Dictionaries.</subfield>
  </datafield>
  <datafield tag="942" ind1=" " ind2=" ">
    <subfield code="2">ddc</subfield>
    <subfield code="c">GR</subfield>
    <subfield code="n">0</subfield>
  </datafield>
  <datafield tag="952" ind1=" " ind2=" ">
    <subfield code="0">0</subfield>
    <subfield code="1">0</subfield>
    <subfield code="2">ddc</subfield>
    <subfield code="4">0</subfield>
    <subfield code="7">0</subfield>
    <subfield code="a">DWCLJHS</subfield>
    <subfield code="b">DWCLJHS</subfield>
    <subfield code="c">General Reference</subfield>
    <subfield code="d">2016-09-19</subfield>
    <subfield code="e">Library Fund</subfield>
    <subfield code="g">399.00</subfield>
    <subfield code="l">0</subfield>
    <subfield code="o">GR 423 M568 2005</subfield>
    <subfield code="p">JHS - 19047</subfield>
    <subfield code="r">2026-05-05</subfield>
    <subfield code="t">c1</subfield>
    <subfield code="w">2026-05-05</subfield>
    <subfield code="y">GR</subfield>
    <subfield code="0"></subfield>
    <subfield code="@"></subfield>
    <subfield code="u"></subfield>
  </datafield>
  <datafield tag="999" ind1=" " ind2=" ">
    <subfield code="c">10234</subfield>
    <subfield code="d">10234</subfield>
  </datafield>
</record>
